| 000 | 00426nam a2200157Ia 4500 | ||
|---|---|---|---|
| 005 | 20250329104019.0 | ||
| 008 | 231217s9999 xx 000 0 und d | ||
| 020 | _a9788131412015 | ||
| 082 | _a658.3111 SAN;1 R | ||
| 100 | _aSangeetha, K ed. | ||
| 245 | 0 | _aEffective recruitment : the emerging scenario | |
| 260 |
_c2007 _bICFAI Press _aHyderabad |
||
| 300 | _aviii, 232 | ||
| 650 | _arecruitment,scenario | ||
| 942 | _cAA | ||
| 999 |
_c188779 _d188779 |
||